000 00915pam a2200277 a 4500
001 651241
005 20240206000357.0
008 940228s1994 enka b 001 0 eng
020 _a0415108624 (pbk.)
020 _a0415108616
040 _aDLC
_cDLC
_dDLC
082 0 0 _a306
_220
_bBRY
100 1 _aTurner, Bryan S.
245 1 0 _aOrientalism, postmodernism, and globalism /
_cBryan S. Turner.
260 _aLondon ;
_aNew York :
_bRoutledge,
_c1994.
300 _axii, 228 p. :
500 _a"Represents a ... recent discussion and debate regarding crucial aspects of cultural postmodernization, religious change, and the globalization of world society"--P. [4] of cover.
650 0 _aPostmodernism
650 0 _aReligion and sociology.
650 0 _aCulture.
650 0 _aIntellectuals.
650 0 _aEast and West.
650 0 _aIslamic civilization.
650 0 _aCivilization, Modern
942 _cL
999 _c290
_d290